Namen von Ländern Wörtlich Übersetzt - Statistiken

Allgemein
  • Dieses Quiz wurde 47 mal gespielt
  • Das Durchschnittsergebnis liegt bei 5 aus 15
Antwortstatistiken
Hint Antwort % Korrekt
Reich der Mitte China (中国)
82%
Weißruthenien Belarus
75%
Assyrisch Syrien
68%
Ursprung der Sonne Japan (日本)
66%
schwarzer Berg Montenegro
41%
Land, das dem Volk gehört/Volksland Deutschland
32%
südlich von Yue Vietnam
27%
strahlende Insel Sri Lanka
23%
Gilberts Kiribati
14%
Weiß Libanon
14%
Festung nah am Wasser gebaut Kuwait
9%
Ort von „wir sind vierzig“ Kirgisistan
7%
der See Tschad
7%
Nachtlager/Biwak Tunesien
7%
der linken Seite Somalia
5%
Keine übereinstimmenden Quizze gefunden
Verteilung der Resultate
Anzahl Personen mit jedem Resultat
Perzentil nach korrekt beantworteten Fragen
Ihre Resultats-Entwicklung
Sie haben dieses Quiz noch nicht gespielt